El INCE y la Formación Técnica y Profesional en Venezuela /
El presente estudio evalúa los logros del Instituto Nacional de Cooperación Educativa (INCE) de Venezuela, como una institución innovadora en el campo de la educación extraescolar. Se examina, también, hasta qué punto el INCE supo difundir los efectos multiplicadores de su modelo de innovación sobre...
Guardat en:
| Autor principal: | |
|---|---|
| Format: | Llibre |
| Idioma: | espanyol |
| Publicat: |
París, Francia :
UNESCO,
1978
|
| Col·lecció: | (Experiencias e Innovaciones en Educación ;
35) |
| Matèries: | |
| Etiquetes: |
Sense etiquetes, Sigues el primer a etiquetar aquest registre!
|
MARC
| LEADER | 00000nam^a2200000^a^4500 | ||
|---|---|---|---|
| 001 | 000022641 | ||
| 005 | 20250521000000.0 | ||
| 009 | 20260310084505.692 | ||
| 020 | |a 92-3-301561-0 | ||
| 037 | |a Acervo ITESO - Biblioteca | ||
| 041 | |a ESP | ||
| 082 | |a 378. 87 |b FUR | ||
| 100 | |a Furter, Pierre |e (autor) | ||
| 245 | 1 | 3 | |a El INCE y la Formación Técnica y Profesional en Venezuela / |c P. Furter. |
| 264 | 1 | |a París, Francia : |b UNESCO, |c 1978 | |
| 300 | |a 123 p. | ||
| 336 | |a texto |b txt |2 rdacontenido | ||
| 337 | |a sin mediación |b n |2 rdamedio | ||
| 338 | |a volumen |b nc |2 rdasoporte | ||
| 440 | 1 | |a (Experiencias e Innovaciones en Educación ; |v 35) | |
| 520 | |a El presente estudio evalúa los logros del Instituto Nacional de Cooperación Educativa (INCE) de Venezuela, como una institución innovadora en el campo de la educación extraescolar. Se examina, también, hasta qué punto el INCE supo difundir los efectos multiplicadores de su modelo de innovación sobre las otras actividades de formación en Venezuela, sobre el Ministerio de Educación y sobre la educación técnica en particular. | ||
| 649 | |a XX | ||
| 650 | |a Educación Superior - |z Venezuela | ||
| 650 | |a Educación Superior - |z Venezuela | ||
| 650 | |a Educación Técnica - |z Venezuela | ||
| 910 | |a Fondo General | ||
| 920 | |a Impresos - Libros | ||
| 930 | |a Colección General | ||
| 905 | |a 101 | ||
| 901 | |a 0226410100 |b IT1 |c ACC |i 022641 |u 20250521 | ||
| 902 | |a https://opac.biblio.iteso.mx/vufind/Record/000022641 | ||